| Tag |
First Indicator |
Second Indicator |
Subfields |
| LEADER |
00000cam a2200000 4500 |
| 001 |
in00000058431 |
| 005 |
20151007082254.0 |
| 008 |
720613s1951 eng u |
| 010 |
|
|
|a 52006235
|
| 035 |
|
|
|a (OCoLC)00330837
|
| 035 |
|
|
|9 AAF7626AM
|
| 040 |
|
|
|c CSU
|d TXA
|d UtOrBLW
|
| 049 |
|
|
|a TXAM
|c 2 [208511]
|
| 090 |
|
|
|a HC51
|b .S75
|
| 092 |
|
|
|a 330.15
|b S839c
|
| 100 |
1 |
|
|a Sternberg, Fritz,
|d 1895-1963.
|
| 245 |
1 |
0 |
|a Capitalism and socialism on trial /
|c [Translated from the German by Edward Fitzgerald].
|
| 264 |
|
1 |
|a New York :
|b J. Day,
|c [1951]
|
| 300 |
|
|
|a 603p :
|b diagrams ;
|c 23cm.
|
| 336 |
|
|
|a text
|b txt
|2 rdacontent
|
| 337 |
|
|
|a unmediated
|b n
|2 rdamedia
|
| 338 |
|
|
|a volume
|b nc
|2 rdacarrier
|
| 504 |
|
|
|a Bibliography: pages 577-584.
|
| 650 |
|
0 |
|a Economic history.
|
| 650 |
|
0 |
|a Capitalism.
|
| 650 |
|
0 |
|a Socialism.
|
| 999 |
|
|
|a MARS
|
| 999 |
f |
f |
|s 333c59c4-30c0-3a87-a087-c3fc0f9a2077
|i 6c02e2a0-f848-3272-85b3-fd2999555334
|t 0
|
| 952 |
f |
f |
|p ric
|a Texas A&M University
|b Rellis Campus
|c Joint Library Facility
|d Remote Storage
|t 0
|e HC51 .S75
|h Library of Congress classification
|i unmediated -- volume
|m A14800694026
|
| 998 |
f |
f |
|a HC51 .S75
|t 0
|l Remote Storage
|